Elektronické informačné zdroje
Popis elektronických informačných zdrojov v Slovenskej ekonomickej knižnici EU. Ich obsah a prístupové adresy.
Gespeichert in:
| 1. Verfasser: | |
|---|---|
| Format: | Buchkapitel |
| Sprache: | Slowakisch |
| Schlagworte: | |
| Tags: |
Keine Tags, Fügen Sie das erste Tag hinzu!
|
MARC
| LEADER | 00000naa$a2200000$$$4500 | ||
|---|---|---|---|
| 001 | 0020600 | ||
| 005 | 20230912071936.5 | ||
| 041 | 0 | |a slo | |
| 044 | |a SK | ||
| 245 | 1 | 0 | |a Elektronické informačné zdroje |c Iveta Pleceniková |
| 520 | |a Popis elektronických informačných zdrojov v Slovenskej ekonomickej knižnici EU. Ich obsah a prístupové adresy. | ||
| 610 | 2 | 0 | |a knihovníctvo |
| 610 | 2 | 0 | |a báza dát |
| 610 | 2 | 0 | |a veda ekonomická |
| 610 | 2 | 0 | |a zdroje informačné elektronické |
| 610 | 2 | 0 | |a získavanie informácií |
| 100 | 1 | |a Pleceniková, Iveta | |